000 00277nam a2200109Ia 4500
001 587526
005 20250717113817.0
008 250717s9999 xx 000 0 und d
245 0 _aX-11 ZAMANINI YÖNETEN ÇOCUKLAR
_cŞENAY KASAP
260 _bBETA YAYINLARI
_c2020
300 _b75
999 _c587526
_d587526